Koncepčný návrh kompaktného vysokozdvižného vozíka s nosnosťou 2,5t prepraviteľného za korbou návesu

Salvato in:
Dettagli Bibliografici
Autore principale: Ličko, Matej (Autore)
Altri autori: Gulan, Ladislav (Relatore della tesi)
Natura: Manoscritto Libro
Lingua:slovacco
Pubblicazione: 2024
Soggetti:
Accesso online:http://is.stuba.sk/zp/portal_zp.pl?podrobnosti=177297
Tags: Aggiungi Tag
Nessun Tag, puoi essere il primo ad aggiungerne!!

MARC

LEADER 00000ntm a22000003a 4500
001 stuzp99359
003 SK-STU
005 20250226104342.4
007 ta
008 150427s2015----xo-----f-mn---000-0-slo-d
040 |a STU  |b slo 
041 0 |a slo 
100 1 |a Ličko, Matej  |u 020030  |4 aut  |U SjF Strojnícka fakulta  |T SjF Ústav automobilového inžinierstva a konštruovania  |X 122107  |U J0030  |Y 806  |7 122107 
242 0 1 |a Conceptual design of a compact forklift truck with a capacity of 2.5t that can be transported behind the body of a semi-trailer  |y eng 
245 1 0 |a Koncepčný návrh kompaktného vysokozdvižného vozíka s nosnosťou 2,5t prepraviteľného za korbou návesu 
260 |c 2024 
650 4 |a vysokozdvižný vozík  |2 slo 
650 4 |a prepraviteľné zariadenie  |2 slo 
650 4 |a hydrostatický pohon  |2 slo 
650 4 |a koncepčný návrh  |2 slo 
650 4 |a nákladná doprava  |2 slo 
650 4 |a variabilný dosah  |2 slo 
650 4 |a Forklift  |2 eng 
650 4 |a Cargo Transport  |2 eng 
650 4 |a Conceptual Design  |2 eng 
650 4 |a Transportable Device  |2 eng 
650 4 |a Hydrostatic Drive  |2 eng 
650 4 |a Variable Reach  |2 eng 
700 1 |a Gulan, Ladislav  |u 020030  |k Z1  |4 ths  |U SjF Strojnícka fakulta  |T SjF Ústav automobilového inžinierstva a konštruovania  |X 2356  |U J0030  |Y 806  |7 A000002356 
856 4 |u http://is.stuba.sk/zp/portal_zp.pl?podrobnosti=177297 
996 |b 284J047709  |c J* 3805/DDP  |l JJSK  |s A  |a 24  |w stuzp99359_0001